[Event "2015 British Chess Championships: Championship"]
[Site "University of Warwick, Coventry, Warwickshire"]
[Date "2015.07.28"]
[Round "2"]
[Board "33"]
[White "Willson, Ollie"]
[Black "Scott, Gordon W"]
[Result "0-1"]
[WhiteElo "1909"]
[BlackElo "2101"]
[PlyCount "76"]
[EventDate "2015.07.27"]
[EventRounds "11"]
[EventCountry "ENG"]

1. d4 d5 2. Nf3 Nf6 3. c4 c6 4. e3 Bf5 5. Nc3 e6 6. Be2 h6 7. O-O Be7 8. b3
Nbd7 9. Bb2 O-O 10. Rc1 Re8 11. a3 Rc8 12. b4 Nb6 13. c5 Nbd7 14. Re1 Qc7 15.
Qa4 Bd8 16. Qxa7 Ng4 17. Qa4 Ndf6 18. h3 Nxf2 19. Kxf2 Ne4+ 20. Nxe4 dxe4 21.
Ne5 Bh4+ 22. g3 f6 23. gxh4 fxe5 24. Rg1 Bxh3 25. Ke1 exd4 26. exd4 Qh2 27. Kd2
Rf8 28. Rce1 Rf2 29. Qd1 Bg2 30. Kc1 Rcf8 31. Bc3 Bf3 32. d5 e5 33. Bxf3 R8xf3
34. Ba1 Ra2 35. Rxg7+ Kxg7 36. Bd4 exd4 37. Qxd4+ Kf7 38. Qxe4 Qd2+ 0-1

[Event "2015 British Chess Championships: Championship"]
[Site "University of Warwick, Coventry, Warwickshire"]
[Date "2015.07.28"]
[Round "2"]
[Board "34"]
[White "Villiers, Thomas"]
[Black "Fryer, David W"]
[Result "0-1"]
[WhiteElo "2097"]
[BlackElo "1951"]
[PlyCount "134"]
[EventDate "2015.07.27"]
[EventRounds "11"]
[EventCountry "ENG"]

1. c4 Nf6 2. g3 e6 3. Bg2 d5 4. Nf3 dxc4 5. Qa4+ c6 6. Qxc4 b5 7. Qc2 Bb7 8.
O-O a6 9. d4 Nbd7 10. Bg5 Be7 11. Nc3 Rc8 12. Rfd1 Qb6 13. e4 h6 14. Bf4 O-O
15. Rac1 Rfd8 16. Qe2 Bf8 17. Ne1 Qa7 18. Nd3 Qa8 19. b4 Nb6 20. Nc5 Nfd7 21.
Nb1 Nc4 22. Nd2 Ndb6 23. Ndb3 Bd6 24. Bxd6 Rxd6 25. f4 Qa7 26. h4 Rdd8 27. Kh2
Re8 28. Bh3 Rcd8 29. Qf2 Bc8 30. g4 Qc7 31. Qg3 Qe7 32. Re1 Qc7 33. h5 Kh8 34.
Rc2 Nd7 35. Nd3 Ndb6 36. Ne5 Nxe5 37. fxe5 Nc4 38. Rf2 Qe7 39. Ref1 Rf8 40. Rg1
Qg5 41. Rf4 Rd7 42. Qf2 Rc7 43. Rf1 Kg8 44. Kg3 Qe7 45. Nc5 a5 46. Rb1 axb4 47.
Bf1 Nb6 48. Rxb4 Na4 49. Nd3 Bb7 50. Qe3 Ra8 51. Rf2 Nc3 52. Rc2 Nxe4+ 53. Kh3
Ng5+ 54. Kg3 Ne4+ 55. Kh3 f5 56. gxf5 exf5 57. Bg2 Bc8 58. Kh2 Be6 59. Bxe4
Qh4+ 60. Kg1 fxe4 61. Nf4 Bxa2 62. d5 Rf7 63. Ng2 Qxh5 64. e6 Rf3 65. Rxa2 Rxa2
66. Qd4 Rxg2+ 67. Kxg2 Qh3+ 0-1

[Event "2015 British Chess Championships: Championship"]
[Site "University of Warwick, Coventry, Warwickshire"]
[Date "2015.07.28"]
[Round "2"]
[Board "35"]
[White "Ilett, Raymond J"]
[Black "Page, Mark E"]
[Result "1/2-1/2"]
[WhiteElo "1886"]
[BlackElo "2096"]
[PlyCount "148"]
[EventDate "2015.07.27"]
[EventRounds "11"]
[EventCountry "ENG"]

1. d4 Nf6 2. c4 g6 3. Nc3 Bg7 4. e4 d6 5. Nf3 O-O 6. Be2 e5 7. dxe5 dxe5 8.
Qxd8 Rxd8 9. Bg5 Nbd7 10. O-O-O Rf8 11. h3 Nc5 12. Nd2 Ne6 13. Be3 c6 14. Nb3
Re8 15. Rhe1 Bf8 16. a3 a5 17. a4 Bb4 18. f3 Nd7 19. Kc2 Ndc5 20. Nxc5 Bxc5 21.
Bxc5 Nxc5 22. b3 Ne6 23. Nb1 Nd4+ 24. Kc3 Be6 25. Na3 Red8 26. Rd2 Rd7 27. Bf1
Rad8 28. Red1 c5 29. Nb5 Kg7 30. Kb2 g5 31. Nc3 h5 32. Nd5 f5 33. Rd3 fxe4 34.
fxe4 Rf7 35. R3d2 Rdf8 36. Ne3 Rf2 37. Nf5+ R8xf5 38. exf5 Rxd2+ 39. Rxd2 Bxf5
40. Be2 g4 41. hxg4 hxg4 42. Kc3 Kf6 43. Bd3 e4 44. Bf1 Ke5 45. g3 Bg6 46. Rh2
Nf5 47. Be2 Nxg3 48. Bxg4 Kf4 49. Bd1 e3 50. Rh6 Bf5 51. Rh4+ Ke5 52. Rh2 Kf4
53. Rh4+ Kg5 54. Rh2 Ne4+ 55. Kb2 Kf4 56. Rg2 Ng3 57. Kc1 Bd3 58. Rh2 e2 59.
Bxe2 Bxe2 60. Rh7 Bf3 61. Rf7+ Ke3 62. Kc2 Be4+ 63. Kc3 Ne2+ 64. Kb2 Nd4 65.
Rg7 Kd3 66. Rg3+ Kd2 67. Rg5 Nf5 68. Rh5 Kd3 69. Rh8 Kd4 70. Rd8+ Ke5 71. Re8+
Kd4 72. Rd8+ Ke5 73. Re8+ Kd4 74. Rd8+ Ke5 1/2-1/2

[Event "2015 British Chess Championships: Championship"]
[Site "University of Warwick, Coventry, Warwickshire"]
[Date "2015.07.28"]
[Round "2"]
[Board "36"]
[White "Burnett, Jim"]
[Black "Willow, Jonah B"]
[Result "0-1"]
[WhiteElo "2091"]
[BlackElo "1918"]
[PlyCount "81"]
[EventDate "2015.07.27"]
[EventRounds "11"]
[EventCountry "ENG"]

1. d4 b6 2. e4 Bb7 3. Nd2 e6 4. Ngf3 c5 5. Bd3 cxd4 6. Nxd4 Nc6 7. N2f3 Nf6 8.
e5 Ng4 9. Qe2 Ngxe5 10. Nxe5 Nxd4 11. Qh5 Qf6 12. Ng4 Qe7 13. O-O Qc5 14. Qh3
h5 15. c3 hxg4 16. Qxh8 Qd5 17. f3 Nxf3+ 18. gxf3 Qxd3 19. Bg5 Bxf3 20. Rf2 f6
21. Rd2 Qe4 22. Rd4 Qf5 23. Be3 O-O-O 24. Rc4+ Kb7 25. Bf2 b5 26. Rd4 Kc8 27.
Qh4 g5 28. Qg3 d5 29. Be3 Bc5 30. Qf2 Bxd4 31. Bxd4 Be4 32. Qxf5 exf5 33. Bxf6
Rg8 34. Bd4 Kb7 35. a4 bxa4 36. Rxa4 a6 37. Rb4+ Kc7 38. Rb6 Bd3 39. Re6 Kd7
40. Rh6 f4 41. Rh7+ 0-1

[Event "2015 British Chess Championships: Championship"]
[Site "University of Warwick, Coventry, Warwickshire"]
[Date "2015.07.28"]
[Round "2"]
[Board "37"]
[White "Shepherd, Katherine M"]
[Black "Hegarty, Sarah N"]
[Result "0-1"]
[WhiteElo "1864"]
[BlackElo "2075"]
[PlyCount "58"]
[EventDate "2015.07.27"]
[EventRounds "11"]
[EventCountry "ENG"]

1. d4 Nf6 2. Nf3 d5 3. c4 dxc4 4. e3 Bg4 5. Bxc4 e6 6. Nc3 Nc6 7. O-O Be7 8.
Be2 O-O 9. a3 Bf5 10. Nh4 Qd7 11. Nxf5 exf5 12. d5 Ne5 13. Qd4 Ng6 14. Bb5 Qd6
15. f3 Rad8 16. Rd1 a6 17. Ba4 Nh5 18. Bc2 Nh4 19. Qd2 Qg6 20. Qf2 Qg5 21. Ne2
Bc5 22. Ng3 Nf4 23. Kf1 Nfxg2 24. Nxf5 Nxf5 25. Qxg2 Nxe3+ 26. Bxe3 Qxe3 27.
Rd3 Qf4 28. Qh3 Qc4 29. Qxh7+ Kxh7 0-1

[Event "2015 British Chess Championships: Championship"]
[Site "University of Warwick, Coventry, Warwickshire"]
[Date "2015.07.29"]
[Round "3"]
[Board "1"]
[White "Howell, David W L"]
[Black "Gormally, Daniel W"]
[Result "1/2-1/2"]
[WhiteElo "2698"]
[BlackElo "2484"]
[PlyCount "240"]
[EventDate "2015.07.27"]
[EventRounds "11"]
[EventCountry "ENG"]

1. d4 Nf6 2. c4 g6 3. Nc3 Bg7 4. e4 d6 5. Nf3 O-O 6. Be2 e5 7. O-O c6 8. d5 Na6
9. Bg5 h6 10. Bh4 Bd7 11. Nd2 c5 12. Kh1 Qb6 13. Nb5 Nc7 14. a4 a5 15. Qc2 Na6
16. Ra3 Nb4 17. Qb1 Nh7 18. Bg3 g5 19. Qd1 f5 20. exf5 Bxf5 21. Bg4 Bg6 22. Qe2
Nf6 23. Bf3 Qd8 24. Ne4 Nxe4 25. Bxe4 Bxe4 26. Qxe4 Qd7 27. Qe2 Rad8 28. Nc3
Qf5 29. Ne4 Qg6 30. Rc1 Rf5 31. Rf3 Rdf8 32. Rxf5 Rxf5 33. h3 h5 34. f3 Bh6 35.
Re1 Bf8 36. Bh2 Be7 37. g4 hxg4 38. hxg4 Rf7 39. Kg2 Rh7 40. Bg3 Qh6 41. Kf2
Nc2 42. Rg1 Nd4 43. Qd3 Rf7 44. Nd2 Kg7 45. Kg2 Qg6 46. Qxg6+ Kxg6 47. Rc1 Rh7
48. Rc3 b6 49. Ne4 Bf8 50. Re3 Nc2 51. Rb3 Nb4 52. Be1 Be7 53. Bd2 Rh8 54. Ra3
Nc2 55. Rd3 Nb4 56. Bxb4 axb4 57. Rd1 Ra8 58. Ra1 Bf8 59. Kf2 Be7 60. Kg2 Bf8
61. b3 Be7 62. Rh1 Rf8 63. Kf2 Ra8 64. Ke3 Re8 65. Ng3 e4 66. fxe4 Bf6 67. Nf5
Rd8 68. Rh6+ Kf7 69. Rh7+ Kg6 70. Rh6+ Kf7 71. Rh5 Kg6 72. Kf3 Be5 73. Ne7+ Kf6
74. Rh7 Re8 75. Nf5 Rd8 76. Kg2 Bf4 77. Rh6+ Kf7 78. Rh7+ Kg6 79. Rg7+ Kf6 80.
Re7 Be5 81. Re6+ Kf7 82. Kf3 Rd7 83. Rh6 Rd8 84. Ke2 Bf4 85. Kd3 Be5 86. Rh5
Kf6 87. Ne3 Kg6 88. Nf5 Kf6 89. Kd2 Bf4+ 90. Ke2 Be5 91. Rh1 Bf4 92. Kf2 Be5
93. Rh7 Kg6 94. Rh6+ Kf7 95. Kg2 Bf4 96. Rh7+ Kf6 97. Kg1 Be5 98. Kf1 Bf4 99.
Re7 Be5 100. Ke1 Bf4 101. Kd1 Be5 102. Rb7 Bf4 103. Rxb6 Ke5 104. a5 Kxe4 105.
Ke2 Be5 106. a6 Kf4 107. a7 Rh8 108. Rb8 Rh2+ 109. Kd1 Rh1+ 110. Kc2 Rh2+ 111.
Kc1 Rh1+ 112. Kc2 Rh2+ 113. Kd1 Rh1+ 114. Ke2 Rh2+ 115. Kf1 Kf3 116. Kg1 Rg2+
117. Kf1 Rh2 118. Kg1 Rg2+ 119. Kf1 Rh2 120. Kg1 Ke4 1/2-1/2

[Event "2015 British Chess Championships: Championship"]
[Site "University of Warwick, Coventry, Warwickshire"]
[Date "2015.07.29"]
[Round "3"]
[Board "2"]
[White "Emms, John M"]
[Black "Pert, Nicholas"]
[Result "1/2-1/2"]
[WhiteElo "2460"]
[BlackElo "2562"]
[PlyCount "72"]
[EventDate "2015.07.27"]
[EventRounds "11"]
[EventCountry "ENG"]

1. e4 c5 2. c3 Nf6 3. e5 Nd5 4. Nf3 Nc6 5. d4 cxd4 6. Bc4 Nb6 7. Bb3 d5 8. exd6
Qxd6 9. O-O Be6 10. Na3 dxc3 11. Bxe6 Qxe6 12. Nb5 Qd7 13. Qe2 Rc8 14. bxc3 a6
15. Rd1 Qe6 16. Qxe6 fxe6 17. Nbd4 Nxd4 18. Nxd4 e5 19. Ne6 Na8 20. Rb1 Nc7 21.
Nxf8 Rxf8 22. Rxb7 Nb5 23. Bg5 Rf5 24. h4 h6 25. Be3 Rf6 26. a4 Nxc3 27. Rdd7
Re6 28. a5 Ne2+ 29. Kh2 Nd4 30. Bxd4 exd4 31. Rxd4 Rc5 32. Rg4 Kf7 33. Rf4+ Kg6
34. Rg4+ Kf6 35. Rf4+ Kg6 36. Rg4+ Kf6 1/2-1/2

[Event "2015 British Chess Championships: Championship"]
[Site "University of Warwick, Coventry, Warwickshire"]
[Date "2015.07.29"]
[Round "3"]
[Board "3"]
[White "Hawkins, Jonathan"]
[Black "Summerscale, Aaron P"]
[Result "1-0"]
[WhiteElo "2554"]
[BlackElo "2416"]
[PlyCount "119"]
[EventDate "2015.07.27"]
[EventRounds "11"]
[EventCountry "ENG"]

1. d4 e6 2. c4 f5 3. g3 Nf6 4. Bg2 d5 5. Nh3 c6 6. O-O Bd6 7. Qc2 O-O 8. Bf4
Be7 9. Nd2 Nh5 10. Nf3 Nxf4 11. Nxf4 Bd6 12. Nd3 Nd7 13. b4 g5 14. b5 g4 15.
Nfe5 Bxe5 16. dxe5 Nb6 17. cxd5 cxd5 18. Qc5 Nc4 19. Qd4 Qe7 20. Nf4 Qf7 21.
Rfc1 Qg7 22. Bxd5 Nxe5 23. Nxe6 Bxe6 24. Bxe6+ Kh8 25. Rd1 Rae8 26. Bd5 b6 27.
Rac1 Re7 28. e3 Rd8 29. Qf4 Qf6 30. Be4 Rf8 31. Bg2 h5 32. h4 gxh3 33. Bxh3 h4
34. Qxh4+ Qxh4 35. gxh4 Nf3+ 36. Kf1 f4 37. Ke2 Nxh4 38. Rd6 fxe3 39. Rh6+ Rh7
40. Rxh7+ Kxh7 41. Rc7+ Kg6 42. fxe3 Rf7 43. Rc4 Rh7 44. Rf4 Kg5 45. Kd3 Ng6
46. Rf5+ Kh4 47. Bg2 Kg4 48. Rf6 Rd7+ 49. Kc3 Kg5 50. Rf1 Ne5 51. Be4 Ng4 52.
Rf5+ Kh6 53. Bc6 Rd8 54. e4 Kg6 55. Rf4 Nf6 56. Rf1 Kg5 57. Re1 Kf4 58. e5 Ng8
59. e6 Ne7 60. Bd7 1-0

[Event "2015 British Chess Championships: Championship"]
[Site "University of Warwick, Coventry, Warwickshire"]
[Date "2015.07.29"]
[Round "3"]
[Board "4"]
[White "Golding, Alex"]
[Black "Arkell, Keith C"]
[Result "1/2-1/2"]
[WhiteElo "1963"]
[BlackElo "2502"]
[PlyCount "62"]
[EventDate "2015.07.27"]
[EventRounds "11"]
[EventCountry "ENG"]

1. e4 c5 2. Nf3 e6 3. d4 cxd4 4. Nxd4 Nc6 5. Nc3 a6 6. Nxc6 bxc6 7. e5 Qc7 8.
Bf4 Ne7 9. Bd3 Ng6 10. Bxg6 hxg6 11. O-O f5 12. Re1 Rb8 13. b3 Be7 14. Qd2 Bb7
15. Bg5 c5 16. Bxe7 Kxe7 17. Rad1 Bc6 18. Qe3 Qa5 19. Rd6 Qb4 20. Red1 Rh5 21.
Qd2 Re8 22. a3 Qh4 23. h3 Rg5 24. Rxc6 dxc6 25. Na4 Kf7 26. Nxc5 Rh5 27. Qd7+
Re7 28. Qxc6 Qf4 29. Rd7 Qc1+ 30. Kh2 Qf4+ 31. Kg1 Qc1+ 1/2-1/2

[Event "2015 British Chess Championships: Championship"]
[Site "University of Warwick, Coventry, Warwickshire"]
[Date "2015.07.29"]
[Round "3"]
[Board "5"]
[White "Hebden, Mark L"]
[Black "Paterson, Andrew I"]
[Result "1-0"]
[WhiteElo "2500"]
[BlackElo "2039"]
[PlyCount "79"]
[EventDate "2015.07.27"]
[EventRounds "11"]
[EventCountry "ENG"]

1. d4 Nf6 2. Bf4 g6 3. Nc3 d5 4. Qd2 Bg7 5. Bh6 O-O 6. Bxg7 Kxg7 7. e3 Nbd7 8.
h4 h5 9. Nf3 Ne4 10. Nxe4 dxe4 11. Ng5 Nf6 12. O-O-O a6 13. f3 Bf5 14. d5 Qd6
15. fxe4 Bxe4 16. Qc3 Kg8 17. Bc4 Bxg2 18. Rhg1 Ne4 19. Nxe4 Bxe4 20. Be2 c6
21. dxc6 Qxc6 22. Qb3 Rac8 23. c3 Qc5 24. Rd4 Qe5 25. Qd1 Bf5 26. Qd2 Qh2 27.
Qe1 Rfd8 28. Rf4 Rd5 29. Rh1 Qg2 30. e4 Bxe4 31. Rg1 Qh2 32. Rxe4 Rcd8 33. Bc4
Rd2 34. Bxf7+ Kh8 35. Bb3 Rxb2 36. Rxg6 Rxb3 37. Rh6+ Kg8 38. Rg4+ hxg4 39.
Qe6+ Kf8 40. Qf5+ 1-0

[Event "2015 British Chess Championships: Championship"]
[Site "University of Warwick, Coventry, Warwickshire"]
[Date "2015.07.29"]
[Round "3"]
[Board "6"]
[White "Pert, Richard G"]
[Black "Coleman, David J"]
[Result "1-0"]
[WhiteElo "2440"]
[BlackElo "2231"]
[PlyCount "43"]
[EventDate "2015.07.27"]
[EventRounds "11"]
[EventCountry "ENG"]

1. e4 d5 2. exd5 Qxd5 3. Nc3 Qa5 4. d4 Nf6 5. Bd2 c6 6. Bd3 Bg4 7. Nge2 e6 8.
O-O Nbd7 9. Qe1 Qc7 10. f3 Bh5 11. Qh4 Rg8 12. Ne4 Be7 13. Bf4 Qb6 14. Nd6+
Bxd6 15. Bxd6 g5 16. Qf2 g4 17. fxg4 Bxg4 18. Ng3 h5 19. Ne4 Bf5 20. Nxf6+ Nxf6
21. Bxf5 exf5 22. Rae1+ 1-0

[Event "2015 British Chess Championships: Championship"]
[Site "University of Warwick, Coventry, Warwickshire"]
[Date "2015.07.29"]
[Round "3"]
[Board "7"]
[White "Wadsworth, Matthew J"]
[Black "Flear, Glenn C"]
[Result "0-1"]
[WhiteElo "2160"]
[BlackElo "2450"]
[PlyCount "80"]
[EventDate "2015.07.27"]
[EventRounds "11"]
[EventCountry "ENG"]

1. c4 e6 2. g3 Nf6 3. Bg2 d5 4. Nf3 dxc4 5. Na3 Bxa3 6. bxa3 b5 7. Ne5 Nd5 8.
d3 Qf6 9. d4 c5 10. a4 Bb7 11. O-O a6 12. Ba3 b4 13. Nxc4 Nc3 14. Qd3 Bxg2 15.
Kxg2 O-O 16. Rfc1 Rd8 17. Rxc3 Rxd4 18. Qe3 Nd7 19. Rc2 bxa3 20. Rac1 h5 21.
Qxa3 Rb8 22. a5 h4 23. Nb6 h3+ 24. Kxh3 Qxf2 25. Nxd7 Rbb4 26. e4 Rd2 27. Rxd2
Qxd2 28. Qc3 Qxd7 29. Qxc5 e5+ 30. Kg2 Qd2+ 31. Kh3 g6 32. Qc2 Qe3 33. Rf1 Rxe4
34. Rf2 Kg7 35. Rxf7+ Kxf7 36. Qc7+ Ke6 37. Qc6+ Kf5 38. Qd7+ Kg5 39. Qd8+ Kh5
40. Qh8+ Qh6 0-1

[Event "2015 British Chess Championships: Championship"]
[Site "University of Warwick, Coventry, Warwickshire"]
[Date "2015.07.29"]
[Round "3"]
[Board "8"]
[White "Richards, Heather S"]
[Black "Williams, Simon K"]
[Result "0-1"]
[WhiteElo "2141"]
[BlackElo "2426"]
[PlyCount "50"]
[EventDate "2015.07.27"]
[EventRounds "11"]
[EventCountry "ENG"]

1. e4 c6 2. d4 d5 3. f3 Qb6 4. Nc3 e6 5. b3 Bb4 6. Bb2 Nf6 7. Qd3 O-O 8. O-O-O
a5 9. h4 a4 10. Nxa4 Qc7 11. a3 b5 12. e5 Nh5 13. Nc5 Bxa3 14. Bxa3 Rxa3 15.
Ne2 Na6 16. Nxa6 Bxa6 17. Qc3 c5 18. g4 b4 19. Qxc5 Qb7 20. gxh5 Rc8 21. Qd6
Ra2 22. Rd2 Bxe2 23. Rxe2 Ra6 24. Qxa6 Qxa6 25. Rg2 Qa1+ 0-1

[Event "2015 British Chess Championships: Championship"]
[Site "University of Warwick, Coventry, Warwickshire"]
[Date "2015.07.29"]
[Round "3"]
[Board "9"]
[White "Ward, Chris G"]
[Black "Mason, Donald J"]
[Result "1-0"]
[WhiteElo "2423"]
[BlackElo "2145"]
[PlyCount "53"]
[EventDate "2015.07.27"]
[EventRounds "11"]
[EventCountry "ENG"]

1. d4 Nf6 2. c4 g6 3. Nc3 Bg7 4. e4 d6 5. Nge2 O-O 6. Ng3 e5 7. d5 a5 8. Be2
Na6 9. h4 h5 10. Bg5 Qe8 11. f3 Nh7 12. Be3 f5 13. exf5 gxf5 14. f4 exf4 15.
Bxf4 Nf6 16. O-O Ng4 17. Qd2 Qg6 18. Rae1 Bd7 19. Bf3 Nc5 20. Bg5 Be5 21. Nce2
f4 22. Nxf4 Bxf4 23. Bxf4 Rae8 24. Bg5 Nd3 25. Be4 Rxf1+ 26. Rxf1 Rxe4 27. Qxd3
 1-0

[Event "2015 British Chess Championships: Championship"]
[Site "University of Warwick, Coventry, Warwickshire"]
[Date "2015.07.29"]
[Round "3"]
[Board "10"]
[White "Jackson, James P"]
[Black "Eagleton, Greg T"]
[Result "1-0"]
[WhiteElo "2343"]
[BlackElo "1994"]
[PlyCount "121"]
[EventDate "2015.07.27"]
[EventRounds "11"]
[EventCountry "ENG"]

1. e4 c5 2. Nf3 d6 3. d4 cxd4 4. Nxd4 Nf6 5. Nc3 a6 6. Bc4 e6 7. Bb3 Nbd7 8.
Bg5 Nc5 9. Qe2 Be7 10. f4 O-O 11. O-O-O Nxb3+ 12. Nxb3 Ne8 13. Qe3 f6 14. Bh4
b5 15. a3 Bb7 16. Nd4 Nc7 17. Qh3 f5 18. Bxe7 Qxe7 19. exf5 e5 20. fxe5 dxe5
21. Ne6 Nxe6 22. fxe6 Rae8 23. Rhe1 Qxe6 24. Qxe6+ Rxe6 25. Ne4 Bxe4 26. Rxe4
Rf2 27. Rd2 Rf1+ 28. Rd1 Rf2 29. Rg4 e4 30. Re1 e3 31. Rg3 g6 32. a4 b4 33.
Rgxe3 Rxe3 34. Rxe3 Rxg2 35. h3 Kf7 36. a5 Rg5 37. Rb3 Rxa5 38. Rxb4 Rh5 39.
Rb3 Ke6 40. Kd2 Kd5 41. Ra3 Rh4 42. Ra5+ Kc6 43. Rxa6+ Kb5 44. Ra3 g5 45. Rf3
g4 46. Rf5+ Kb6 47. hxg4 Rxg4 48. Rh5 Rg2+ 49. Kc3 Rg3+ 50. Kb4 Rg7 51. Rh6+
Kb7 52. c4 Ka7 53. b3 Kb7 54. Kb5 Re7 55. b4 Rg7 56. c5 Rf7 57. Ka5 Rg7 58. b5
Ka8 59. b6 Kb8 60. Kb5 Kc8 61. Rf6 1-0

[Event "2015 British Chess Championships: Championship"]
[Site "University of Warwick, Coventry, Warwickshire"]
[Date "2015.07.29"]
[Round "3"]
[Board "11"]
[White "Kalaiyalahan, Akshaya"]
[Black "Cooper, John G"]
[Result "1-0"]
[WhiteElo "1999"]
[BlackElo "2313"]
[PlyCount "79"]
[EventDate "2015.07.27"]
[EventRounds "11"]
[EventCountry "ENG"]

1. d4 e6 2. Nf3 c5 3. c4 d5 4. cxd5 exd5 5. g3 Nf6 6. Bg2 Be7 7. Nc3 Nc6 8. O-O
O-O 9. Bg5 cxd4 10. Nxd4 h6 11. Be3 Re8 12. Qa4 Bd7 13. Rfd1 Bc5 14. Ne6 fxe6
15. Bxc5 b6 16. Ba3 Rc8 17. Qa6 d4 18. Ne4 Nxe4 19. Bxe4 e5 20. Rac1 Qf6 21.
Qd3 Red8 22. Rc2 Ne7 23. Rdc1 Rxc2 24. Rxc2 Nf5 25. Rc7 Nd6 26. Bxd6 Qxd6 27.
Rxa7 Rc8 28. Kg2 Kh8 29. Qf3 Be6 30. Qa3 Qd8 31. Qe7 Qg8 32. f3 Re8 33. Qd6 b5
34. Bg6 Rd8 35. Qxe5 Bxa2 36. Be4 Bc4 37. Ra6 Qf7 38. Rxh6+ Kg8 39. Bh7+ Kf8
40. Bg6 1-0

[Event "2015 British Chess Championships: Championship"]
[Site "University of Warwick, Coventry, Warwickshire"]
[Date "2015.07.29"]
[Round "3"]
[Board "12"]
[White "Weaving, Richard"]
[Black "Lam, Paul G M"]
[Result "1/2-1/2"]
[WhiteElo "2257"]
[BlackElo "2136"]
[PlyCount "64"]
[EventDate "2015.07.27"]
[EventRounds "11"]
[EventCountry "ENG"]

1. e4 Nf6 2. e5 Nd5 3. d4 d6 4. Nf3 dxe5 5. Nxe5 c6 6. Be2 Nd7 7. f4 Nxe5 8.
fxe5 g6 9. O-O Bg7 10. c4 Nc7 11. Bf4 Ne6 12. Be3 c5 13. d5 Nd4 14. Bxd4 cxd4
15. Qxd4 Qc7 16. c5 Qxe5 17. Bb5+ Kf8 18. Qxe5 Bxe5 19. Nc3 Bd4+ 20. Kh1 Bxc5
21. Ne4 Bd4 22. d6 Bf5 23. Rae1 e5 24. Bc4 h6 25. Ng3 Rd8 26. Nxf5 gxf5 27.
Rxf5 Rh7 28. Ref1 Rxd6 29. Bxf7 Ke7 30. Bb3 Bxb2 31. Rf7+ Rxf7 32. Rxf7+ Kd8
 1/2-1/2

[Event "2015 British Chess Championships: Championship"]
[Site "University of Warwick, Coventry, Warwickshire"]
[Date "2015.07.29"]
[Round "3"]
[Board "13"]
[White "Willmoth, Robert F"]
[Black "Hill, Alistair"]
[Result "1/2-1/2"]
[WhiteElo "2173"]
[BlackElo "2159"]
[PlyCount "107"]
[EventDate "2015.07.27"]
[EventRounds "11"]
[EventCountry "ENG"]

1. d4 Nf6 2. c4 g6 3. g3 c5 4. d5 Bg7 5. Bg2 O-O 6. Nf3 e6 7. Nc3 exd5 8. cxd5
d6 9. O-O Re8 10. Nd2 a6 11. a4 Nbd7 12. h3 Rb8 13. Nc4 Ne5 14. Na3 Nh5 15. Kh2
Bd7 16. Ne4 Bf5 17. Nd2 Bc8 18. Nac4 b5 19. axb5 Rxb5 20. Nxe5 Bxe5 21. Nc4 Bg7
22. e4 Rb4 23. Qc2 f5 24. Bd2 Rxc4 25. Qxc4 Bxb2 26. Ra2 Be5 27. f4 Bd4 28.
exf5 gxf5 29. Bc3 Bxc3 30. Qxc3 Nf6 31. Re1 Kf7 32. Rae2 Rxe2 33. Rxe2 Bd7 34.
Bf3 a5 35. Kg2 a4 36. Rb2 Qc7 37. Qc4 Qa5 38. Qe2 Kg6 39. g4 a3 40. Ra2 Qb4 41.
gxf5+ Bxf5 42. Qe3 Qb2+ 43. Qf2 Qb3 44. Re2 Kf7 45. Qg3 a2 46. Bh5+ Nxh5 47.
Qxb3 a1=Q 48. Qe3 Nf6 49. Qe7+ Kg6 50. Kh2 Qc3 51. Rg2+ Kh5 52. Qe2+ Kh6 53.
Qe7 Kh5 54. Qg7 1/2-1/2

[Event "2015 British Chess Championships: Championship"]
[Site "University of Warwick, Coventry, Warwickshire"]
[Date "2015.07.29"]
[Round "3"]
[Board "14"]
[White "Batchelor, Peter J"]
[Black "Zhang, Anthony Y"]
[Result "1-0"]
[WhiteElo "2304"]
[BlackElo "2109"]
[PlyCount "77"]
[EventDate "2015.07.27"]
[EventRounds "11"]
[EventCountry "ENG"]

1. d4 Nf6 2. c4 g6 3. Nc3 Bg7 4. Nf3 O-O 5. Bg5 d6 6. e3 h6 7. Bh4 g5 8. Bg3
Nh5 9. Bd3 e6 10. Nd2 Nxg3 11. hxg3 c5 12. d5 f5 13. g4 Bxc3 14. bxc3 Qf6 15.
gxf5 exf5 16. Qh5 Kg7 17. Rb1 b6 18. f4 g4 19. g3 Qg6 20. Kf2 Na6 21. Rh4 Qxh5
22. Rxh5 Nc7 23. Rbh1 Bd7 24. Rxh6 Rh8 25. Rxd6 Rxh1 26. Rxd7+ Kf6 27. Rxc7 Rc1
28. Rc6+ Kg7 29. d6 Rh8 30. Nf1 Rxc3 31. Bxf5 Kf6 32. d7+ Ke7 33. Rc8 Rd8 34.
Rxd8 Kxd8 35. Nh2 Ra3 36. Nxg4 Rxa2+ 37. Ke1 Ra1+ 38. Kd2 Ra2+ 39. Kc3 1-0

[Event "2015 British Chess Championships: Championship"]
[Site "University of Warwick, Coventry, Warwickshire"]
[Date "2015.07.29"]
[Round "3"]
[Board "15"]
[White "Jones, Steven A"]
[Black "Lewis, Andrew P"]
[Result "1-0"]
[WhiteElo "2126"]
[BlackElo "2295"]
[PlyCount "79"]
[EventDate "2015.07.27"]
[EventRounds "11"]
[EventCountry "ENG"]

1. e4 c5 2. Nf3 Nc6 3. d4 cxd4 4. Nxd4 Nf6 5. Nc3 d6 6. Bg5 e6 7. Qd2 Be7 8.
O-O-O O-O 9. Nb3 Qb6 10. f3 Rd8 11. Nb5 Rd7 12. Qe1 a6 13. N5d4 Nxd4 14. Nxd4
Qc5 15. Be3 Qc7 16. Qd2 Rd8 17. g4 d5 18. e5 Nd7 19. f4 Nc5 20. g5 Bd7 21. Kb1
a5 22. h4 a4 23. Bd3 a3 24. b3 Be8 25. h5 b5 26. g6 Bf8 27. gxh7+ Kh8 28. Qe1
Rab8 29. Nf3 Na4 30. bxa4 bxa4+ 31. Ka1 Rb2 32. Bd4 Bb4 33. c3 Bc5 34. Rh2 Bxd4
35. cxd4 Rdb8 36. Rxb2 Rxb2 37. h6 g6 38. Rc1 Qb6 39. Qc3 Bc6 40. Qxa3 1-0

[Event "2015 British Chess Championships: Championship"]
[Site "University of Warwick, Coventry, Warwickshire"]
[Date "2015.07.29"]
[Round "3"]
[Board "16"]
[White "Jones, William E G"]
[Black "Rudd, Jack"]
[Result "0-1"]
[WhiteElo "2115"]
[BlackElo "2247"]
[PlyCount "88"]
[EventDate "2015.07.27"]
[EventRounds "11"]
[EventCountry "ENG"]

1. e4 e5 2. Nf3 Nc6 3. Bb5 Nf6 4. O-O Nxe4 5. Re1 Nd6 6. Nxe5 Nxe5 7. Rxe5+ Be7
8. Bf1 O-O 9. d4 Bf6 10. Re1 Nf5 11. d5 d6 12. Nd2 c5 13. a4 g6 14. Nc4 b6 15.
Bf4 g5 16. Bd2 Ne7 17. Bd3 Ng6 18. Qh5 Kg7 19. Re3 h6 20. Rg3 Rh8 21. f4 a6 22.
c3 Ra7 23. a5 b5 24. Nb6 c4 25. Bc2 Re7 26. Rf1 Qe8 27. Rf2 Bb7 28. h4 Re1+ 29.
Kh2 Ra1 30. Re2 Qd8 31. Bxg6 fxg6 32. Qg4 Rxa5 33. Qd7+ Qxd7 34. Nxd7 gxh4 35.
Rge3 Bxd5 36. Nxf6 Kxf6 37. Re7 Rd8 38. Rh7 Ra2 39. Be3 Kf5 40. Rf2 Re8 41. Bd4
Re4 42. Bb6 Rxf4 43. Rxf4+ Kxf4 44. Rxh6 Kf5 0-1